Las objeciones de conciencia

Sparad:
Bibliografiska uppgifter
Huvudupphovsman: Gómez Abeja, Laura (Författare, medförfattare)
Materialtyp: Bok
Språk:spanska
Publicerad: Madrid Centro de Estudios Políticos y Constitucionales 2016
Serie:Estudios Constitucionales
Ämnen:
Taggar: Lägg till en tagg
Inga taggar, Lägg till första taggen!

MARC

LEADER 00000cam a2200000 a 4500
001 UCC9335
003 CL-VaPUC
008 190927e20160000sp |||||||||||||||||spa|d
020 |a 9788425916908 
082 0 4 |a 323.442  |b GOM  |2 21 
100 0 |a Gómez Abeja, Laura  |e author  |9 604362 
245 1 4 |a Las objeciones de conciencia 
300 |a 459 p 
942 |c BK 
945 |d 20190927 15:31:00  |a cmena 
260 |a Madrid  |b Centro de Estudios Políticos y Constitucionales  |c 2016 
650 0 |a Derechos humanos  |9 223025 
650 7 |a DERECHO CONSTITUCIONAL ESPAÑOL  |2 CL-VaPUC  |9 435214 
650 0 |a Objeción de conciencia   |9 348774 
583 |a last modification  |c 20190927 15:31:00  |k Rodrigo Vera 
490 0 |a Estudios Constitucionales 
999 |c 375521  |d 375519 
952 |0 0  |1 0  |3 erb  |4 0  |6 323_442000000000000_GOM_2016  |7 0  |8 WP_COW  |9 561388  |a BIBDER  |b BIBDER  |e Fundación W and P Cowley  |i 560057K  |o 323.442 GOM 2016  |p 560057K  |r 2023-01-25  |w 2020-03-12  |y BK  |z Catalogado en:20190927  |k WPC